000 00579nam a2200205Ia 4500
003 SISC
005 20180927104401.0
008 180918s9999 xx 000 0 und d
020 _a9781138059597
050 _aLB 1073
_b.Sm642 2018
100 _aSmith, Marc
245 _cMarc Smith
_aThe Emotional learner:
_bunderstanding emotions learners and achievements/
260 _aNY:
_bRoutledge
_c2018
300 _a244 pages :
_c21 cm.
500 _aincludes index
650 _aAffective education
650 _aEmotions and cognition
942 _2lcc
_cBK
999 _c358789
_d358789